| 000 | 01267nam a2200337 i 4500 | ||
|---|---|---|---|
| 001 | 000009319 | ||
| 003 | DO-SdBNP | ||
| 005 | 20250409122709.0 | ||
| 007 | ta | ||
| 008 | 090929t198- dr a 000 e spa d | ||
| 040 |
_aDO-SdBNP _bspa _cBNPHU _erda |
||
| 041 | _aspa | ||
| 082 | 4 |
_a581.97293 _bL763f _222 |
|
| 100 | 1 |
_aLiogier, Alain H., _d1916- _eautor _4aut. _924048 |
|
| 245 | 1 | 3 |
_aLa flora de la Española / _cAlain Henri Liogier. |
| 246 | 1 |
_iVol. 9 tiene titulo: _aFlora de la Española |
|
| 264 | 1 |
_aSan Pedro de Macorís, República Dominicana : _bEdiciones de la UCE, _c198-. |
|
| 300 |
_avolúmenes : _bilustraciones ; _c23 cm. |
||
| 336 |
_atexto _btxt _2rdacontent |
||
| 337 |
_asin mediación _bn _2rdamedia |
||
| 338 |
_avolumen _bn _2rdacarrier |
||
| 490 |
_aUniversidad Central del Este _v6, 14, 21, 44, 56, 64, 69, 70, 72 |
||
| 490 |
_aCientífica _v12, 15, 22, 24, 26, 27, 28, 29 |
||
| 500 | _aIncluye referencias bibliográficas y notas al pie de las páginas. | ||
| 590 | _aInventariado 2024 / MF | ||
| 650 | 4 |
_aBotánica _zIsla Española (Haití y República Dominicana) _924049 |
|
| 650 | 4 |
_aTaxonomía vegetal _91516 |
|
| 710 | 1 |
_aUniversidad Central del Este _937229 |
|
| 910 | _aValidado. Control de calidad. MMOLINA | ||
| 942 |
_2ddc _cLBS1 |
||
| 999 |
_c9079 _d9079 |
||